Adventures in Inglish Literature

Guardat en:
Dades bibliogràfiques
Format: Llibre
Idioma:Undetermined
Publicat: Estados Unidos Harcourt, Brace y Word 1968
Matèries:
Etiquetes: Afegir etiqueta
Sense etiquetes, Sigues el primer a etiquetar aquest registre!

MARC

LEADER 00000nam a2200000Ia 4500
008 170316s9999 xx 000 0 und d
040 |a cru BVZT 
090 |a A-810 A-2.1a 
245 |a Adventures in Inglish Literature 
260 |a Estados Unidos 
260 |b Harcourt, Brace y Word 
260 |c 1968 
300 |a 894 páginas 
650 |a LITERATURA ESTADOUNIDENSE 
650 |a ANTOLOGÍA 
999 |c 12224  |d 12224 
942 |c 15 D  |h A-810 A-2.1a  |2 z